Literatura y sociedad en América Latina : el modernismo

Gespeichert in:
Bibliographische Detailangaben
1. Verfasser: Perus, Francoise
Format: Unbekannt
Veröffentlicht: México: Siglo Veintiuno, 1976
Ausgabe:1. edición
Schriftenreihe:Sociología y política
Schlagworte:
Tags: Tag hinzufügen
Keine Tags, Fügen Sie den ersten Tag hinzu!

MARC

LEADER 000000000a22000000004500
001 000574
041 0 |a español 
092 0 |a 801.9 P471-L 
100 1 |a Perus, Francoise 
245 1 0 |a Literatura y sociedad en América Latina : el modernismo 
250 |a 1. edición 
260 |a México:   |b Siglo Veintiuno,   |c 1976 
300 |a 139 páginas 
440 |a Sociología y política 
500 |a Número de inscripción 7377 (Colección George Yúdice) 
650 4 |a LITERATURA Y SOCIEDAD 
650 4 |a DARIO, RUBEN, SEUDONIMO, 1867-1916 
650 4 |a CRITICA E INTRPRETACION 
650 4 |a LITERATURA HISPANOAMERICANA 
650 4 |a SIGLO XX 
650 4 |a HISTORIA Y CRITICA 
650 4 |a AMERICA LATINA 
650 4 |a MODERNISMO 
999 |c 1365  |d 1365